000 01170nam a22001937a 4500
999 _c60092
_d60092
003 Ge_BSU
005 20230607170102.0
008 230607s1984 ge ||||| |||| 00| 0 geo d
041 _ageo
080 _a342.5+32.001 მ-18
100 _aმაკიაველი, ნიკოლო
_93534
245 _aმთავარი /
_cნიკოლო მაკიაველი; იტალიურიდან თარგმნა, წინასიტყვაობა და კომენტარები დაურთო გ. ბრეგვაძემ; საქ. მწერალთა კავშირთან არსებული მხატვ. თარგმ. და ლიტ. ურთიერთობათა მთ. სარედ. კოლეგია.
264 _aთბილისი :
_bსაბჭოთა საქართველო,
_c1984.
300 _a270 გვ. ;
_b17 სმ.
653 _aსახელმწიფო
653 _aსახელმწიფო მმართველობა.
653 _aსახელმწიფო ხელისუფლება.
942 _2udc
_cBK